Итоги II мировой войны; Всемирная история

Bibliografiska uppgifter
Parent link:Всемирная история: В 24 т./ А. Н. Бадак [и др.]. Т. 24.— , 1996-
Språk:ryska
Publicerad: 1997
Ämnen:
Materialtyp: Bok
KOHA link:https://koha.lib.tpu.ru/cgi-bin/koha/opac-detail.pl?biblionumber=10585

MARC

LEADER 00000nam2a2200000 4500
001 10585
005 20241009141526.0
010 |a 985437379 
035 |a (RuTPU)RU\TPU\book\10647 
035 |a BOOK00010713 
090 |a 10585 
100 |a 20011209d1997 km y0rusy50 ca 
101 0 |a rus 
102 |a BY 
105 |a y z 000zy 
200 1 |a Итоги II мировой войны 
210 |d 1997 
215 |a 592 с. 
461 1 |0 (RuTPU)RU\TPU\book\2296  |t Всемирная история  |o В 24 т.  |f А. Н. Бадак [и др.]  |v Т. 24  |d 1996- 
606 1 |a Всеобщая история  |2 stltpush  |3 (RuTPU)RU\TPU\subj\3762 
606 |7 ca  |8 rus  |a Всеобщая история  |z 1945-1990  |9 88685 
610 1 |a всемирная история 
610 1 |a 20 век 
610 1 |a Вторая мировая война 1939-1945 
610 1 |a Россия 
610 1 |a СССР 
610 1 |a Германия 
610 1 |a Япония 
610 1 |a Италия 
610 1 |a фашизм 
610 1 |a военные операции 
610 1 |a Сопротивление 
610 1 |a антифашистская коалиция 
686 |a Т3(0)  |2 rubbk 
686 |a Т3(0)63  |2 rubbk 
801 0 |a RU  |b 63413507  |c 20011209  |g PSBO 
801 2 |a RU  |b 63413507  |c 20230207  |g PSBO 
942 |c BK